00463nam a2200169 a 450008200160000010000190001624500230003526000330005830000080009150000350009950500100013465000160014470000190016094200070017995200940018699900130028000a297.93bALT aAlter, S Neale aStudies in Bahaism aBeirutbAmerican Pressc1923 a74p aincludes index and biblioraphy2 aindex aBahai Faith1 aAlter, S Neale cBK 00104070aHMIbHMId2005-05-24g0.00l0o297.93 ALTp01265r2005-05-24w2026-01-16yEB c222d222